000 00544nam a22001937a 4500
003 OSt
005 20250610205926.0
008 250610b |||||||| |||| 00| 0 eng d
020 _a9781776174225
040 _cWoodmaed
050 _aKTL1347
_b,M24 2022
100 _aMpedi, George L.
245 _aLabour Law in Ghana
_bGeorge L. Mpedi
260 _aWoodmead ;
_bLexis Nexis;
_cc2022
300 _axv, 330 pages
500 _aIncludes index, Table of Legislation and International Instrument
700 _aT. E. Coleman
942 _2lcc
_cBK
_n0
999 _c6398
_d6398